000 00555nam a2200181 i 4500
001 30601
003 ES-MaACL
005 20230906154224.0
007 t|
008 030127s1931 sp ||||1| spa d
100 1 _aBastus, Joaquín.
_926384
245 1 0 _aHistoria de los templarios /
_cJoaquín Bastus ; con un apéndice histórico de José Brissa.
260 _aBarcelona :
_b[s.n.,
_c1931] (
_fPereda)
300 _a164 p. ;
_c23 cm.
610 2 4 _aOrden del Temple-
_vHistoria.
_9157591
700 1 _aBrissa, José.
_931786
852 _aES-MaACL
_jA-368
999 _c30601
_d30601